Statistiques concernant Expressions imagées de la langue française avec les légumes

Cliquez ici pour prendre le quiz!

Statistiques générales

  • Ce quiz a été pris 555 fois
  • Le résultat moyen est 17 sur 23

Statistiques - réponses

ExpressionLégume% Correct
avoir de l'argent, avoir du ... (céréale)blé
98%
être rouge comme unetomate
96%
les ... sont cuitescarottes
96%
accélérer en voiture, appuyer sur lechampignon
95%
avoir un petit ... à la place du cerveaupois
94%
personne souvent amoureuse : coeur d'...artichaut
94%
c'est la fin desharicots
94%
s'occuper de ses affaires, de ses ...oignons
87%
la ... me monte au nezmoutarde
86%
mauvais filmnavet
85%
mettre du beurre dans lesépinards
84%
il est très grand, c'est une grande ...asperge
83%
avoir de l'argent, de l'...oseille
79%
c'est facile, c'est bête commechou
78%
avoir la forme, la pêche, la ...patate
72%
attendre : faire lepoireau
69%
n'avoir plus d'argent : ne plus avoir unradis
67%
j'ai mal à la tête, la tête comme une ...citrouille
51%
manger les ... par la racinepissenlits
49%
stupide, c'est une ...courge
48%
pédaler dans lachoucroute
48%
faire la course à l'...échalote
35%
personne importante, c'est une grosse ...légume
23%

Distribution des résultats

Percentile par nombre de réponses

% des personnes avec chaque résultat

Votre développement - résultats

Vous n’avez pas pris ce quiz